000 00677nam a2200241 i 4500
001 C2-0180533
003 PPAK
005 20180728095238.0
008 981024s1976 my a|||| ||||| | may d
040 _aPPAK
_beng
_cPPAK
_erda
082 0 4 _a923.2595
_2 23
090 0 0 _a923.2595
_bSUB
_dKAM
090 0 0 _a923.2595
_bSUB
_dKIH
090 0 0 _a923.2595
_bSUB
_dKSI
100 0 _aSubky Latif,
_eauthor
245 1 0 _aSuka duka politik Tun Razak
264 1 _aKuala Lumpur :
_bAmir Enterprise ,
_c1976
300 _axii, 165 pages :
_billustrations ;
_c18 cm
336 _2rdacontent
_atext
337 _2rdamedia
_aunmediated
338 _2rdacarrier
_avolume
942 _ddc
_cB
999 _c155905
_d155905